'Y' in History Quiz Stats

 Plays Quiz Updated Jul 28, 2014

Support Sporcle.
Go Orange.
Score 0/20 Timer 05:00
7 Plays Today
Question Answer % Correct
Which university, founded in 1701, is the third oldest institution of higher education in the USA?Yale
93%
Which internet corporation was founded by Jerry Yang and David Filo in January 1994?Yahoo!
89.8%
What is the world's oldest National Park, established in 1872?Yellowstone
87%
Which socialist state was dissolved in 1992 following war between its constituent nations?Yugoslavia
84.7%
Which country was described by Ptolemy as 'Happy Arabia,' due to its relatively fertile land?Yemen
82.8%
To which Canadian Territory did 100,000 people travel in the 1897-99 Klondike Gold Rush?Yukon
80.6%
An outbreak of which disease in Philadelphia in 1793 caused George Washington to flee the city?Yellow Fever
79.6%
Who was the first President of Russia following the collapse of the Soviet Union?Boris Yeltsin
77.4%
Which physical discipline was introduced to India by Patañjali in the 2nd century BC?Yoga
74.9%
Which peninsula was effectively ruled by the Spanish over the Maya from 1547?Yucatán
70.2%
Question Answer % Correct
The 1781 siege of which town was the last major land battle of the American Revolutionary War?Yorktown
55.4%
What type of Turkic dwelling structure has been in use since at least the 13th century?Yurt
52.4%
Which Japanese organised crime syndicate originated in the 17th century?Yakuza
50.4%
What name was given to a free man owning his own farm from the 14th - 18th century?Yeoman
49.2%
Which MLB pitcher compiled 511 wins in his 1890-1911 career, the most in MLB history?Cy Young
48.3%
Who was the first Irishman to be awarded the Nobel Prize for Literature in 1923?W.B. Yeats
47.8%
Which war of 1973 between Israel and an Arab coalition is also known as the October War?Yom Kippur War
42.4%
In which Japanese city was a port opened in 1859 at the demand of a fleet of US warships?Yokohama
38%
Which Chinese dynasty was founded by Mongol leader Kublai Khan in 1271?Yuan
27.6%
Which Russian city was founded by, and named after, a Prince of Kievan Rus in 1010?Yaroslavl
7.1%

You're not logged in!

Compare scores with friends on all Sporcle quizzes.
OR
Log In
Forgot?

From the Vault

Vacationing Away From China

by Flick

Tourism: not just for Americans.
Remove Ads.
Support Sporcle.
Get the best of Sporcle when you Go Orange. This ad-free experience offers more features, more stats, and more fun while also helping to support Sporcle. Thank you for becoming a member.

Show Comments

Extras

Top Quizzes Today


Score Distribution

Your Account Isn't Verified!

In order to create a playlist on Sporcle, you need to verify the email address you used during registration. Go to your Sporcle Settings to finish the process.

Report this User

Report this user for behavior that violates our Community Guidelines.

Details: